00713nam a22001577a 450000500170000001000130001702000230003003500080005310000180006124500740007925000570015326000640021027000460027430000340032050002010035420190323105841.0 aB-087199 a8178083736c425.00 aDPL aSklar,Bernard aDigital Communications:bFundamentals and ApplicationscBernard Sklar aFirst Indian Reprint,2001bFifth Indian Reprint,2004 aIndian Branch, New DelhibPearson Education Pte. Ltd.c2004 a482 F.I.E., patparganjbNew Delhie110092 axxiv, 1079p.billc24cm.(pbk) aAll products or Services mentioned in this book are the trademarks or service marks of their respective Companies or organizations. Screen shots reprinted by permission from Microsoft Corporation.